TZM

Bibliographic Details
Main Author: Suziana Che Wil
Format: Book
Published: Selangor : Hasrat Murni , 2006
Series:Siri kumpulan cerpen pilihan
Subjects:

MARC

LEADER 00000cam a2200000 7i4500
001 0000000355
005 20151222.0
008 070702
020 |a 9830602974 
020 |a 9830602982(set) 
090 0 0 |a JF   |b MAL (161) 
100 0 |a Suziana Che Wil 
245 1 0 |a TZM   |c Suziana Che Wil 
260 |a Selangor :   |b Hasrat Murni ,   |c 2006 
440 0 |a Siri kumpulan cerpen pilihan 
500 |a Children ages 7-9 years old (orange) 
650 0 |a Malay fiction 
650 0 |a Short's stories, Malay 
999 |a 0000920448   |b Book   |c Children Collection   |e Cawangan Bukit Gambir 
999 |a 0000920449   |b Book   |c Children Collection   |e Cawangan Bukit Gambir 
999 |a 0000920450   |b Book   |c Children Collection   |e Cawangan Bukit Gambir 
999 |a 0000930374   |b Book   |c Children Collection   |e Cawangan Tangkak 
999 |a 0000930375   |b Book   |c Children Collection   |e Cawangan Tangkak 
999 |a 0000930376   |b Book   |c Children Collection   |e Cawangan Tangkak 
999 |a 0000955911   |b Book   |c Children Collection   |e Cawangan Tangkak 
999 |a 0000955912   |b Book   |c Children Collection   |e Cawangan Taman Universiti 
999 |a 0000955913   |b Book   |c Children Collection   |e Perbadanan Perpustakaan Awam Johor 
999 |a 0000955915   |b Book   |c Children Collection   |e Perbadanan Perpustakaan Awam Johor